[Event "POL-ch Blitz U18"]
[Site "Bydgoszcz"]
[Date "2023.08.31"]
[Round "1"]
[White "Jankowski, Franciszek"]
[Black "Kutowski, Marcel"]
[Result "0-1"]
[WhiteElo "1553"]
[BlackElo "2114"]
[PlyCount "64"]
[EventDate "2023.08.28"]
[EventType "swiss"]
[EventRounds "10"]
[EventCountry "POL"]
[SourceTitle "EXT 2024"]
[Source "ChessBase"]
[SourceDate "2023.10.10"]
[SourceVersion "1"]
[SourceVersionDate "2023.10.10"]
[SourceQuality "1"]

1. d4 Nf6 2. c4 e6 3. Nf3 d5 4. Nc3 Bb4 5. Qa4+ Nc6 6. Qc2 0-0 7. Bg5 dxc4 8. e3 h6 9. Bxf6 Qxf6 10. Bxc4 e5 11. dxe5 Nxe5 12. Nxe5 Qxe5 13. 0-0 Bf5 14. Bd3 Be6 15. Rfd1 c6 16. Ne2 Ba5 17. Nd4 Bc7 18. Nf3 Qh5 19. h3 Bxh3 20. gxh3 Qxf3 21. Bf5 Rad8 22. Bg4 Qf6 23. Rd2 Rxd2 24. Qxd2 Rd8 25. Qc2 h5 26. Bf5 g6 27. Be4 Qe5 28. Bg2 Qd6 29. Rc1 Ba5 30. a3 Qe5 31. b4 Bc7 32. Qc3 Rd1+ 0-1

[Event "POL-ch Blitz U18"]
[Site "Bydgoszcz"]
[Date "2023.08.31"]
[Round "8"]
[White "Kutowski, Marcel"]
[Black "Kusiak, Mateusz"]
[Result "1-0"]
[WhiteElo "2114"]
[BlackElo "2019"]
[PlyCount "94"]
[EventDate "2023.08.28"]
[EventType "swiss"]
[EventRounds "10"]
[EventCountry "POL"]
[SourceTitle "EXT 2024"]
[Source "ChessBase"]
[SourceDate "2023.10.10"]
[SourceVersion "1"]
[SourceVersionDate "2023.10.10"]
[SourceQuality "1"]

1. e4 c5 2. Nf3 Nc6 3. Nc3 e6 4. Bb5 Qb6 5. 0-0 Nge7 6. a4 a6 7. Bc4 Ng6 8. d3 Be7 9. Bb3 0-0 10. Be3 Nd4 11. a5 Qd6 12. Bxd4 cxd4 13. Ne2 Bf6 14. Ra4 e5 15. Ng3 Qc7 16. Nf5 d5 17. Bxd5 Nf4 18. Bb3 Bxf5 19. exf5 Qd7 20. g3 Nh3+ 21. Kg2 Qxf5 22. Rb4 Qd7 23. Nd2 Ng5 24. h4 Qc6+ 25. Kh2 Ne6 26. Qf3 Qxf3 27. Nxf3 Nc5 28. Re1 Nxb3 29. Rxb3 Rac8 30. Re2 Rc5 31. Rxb7 Rxa5 32. Nd2 Rb5 33. Rxb5 axb5 34. Nf3 Re8 35. Nxd4 Rb8 36. Nc6 Re8 37. d4 e4 38. c3 Re6 39. d5 Rd6 40. Rxe4 g6 41. Nb4 Kg7 42. Kg2 Rd8 43. Re1 Ra8 44. Rd1 Kf8 45. d6 Ke8 46. d7+ Kf8 47. Nc6 Kg7 1-0

[Event "POL-ch Rapid U18"]
[Site "Bydgoszcz"]
[Date "2023.08.30"]
[Round "11"]
[White "Pancewicz, Szymon"]
[Black "Kutowski, Marcel"]
[Result "1/2-1/2"]
[WhiteElo "1853"]
[BlackElo "2083"]
[PlyCount "70"]
[EventDate "2023.08.28"]
[EventType "swiss"]
[EventRounds "11"]
[EventCountry "POL"]
[SourceTitle "EXT 2024"]
[Source "ChessBase"]
[SourceDate "2023.10.10"]
[SourceVersion "1"]
[SourceVersionDate "2023.10.10"]
[SourceQuality "1"]

1. d4 Nf6 2. Nc3 d5 3. Bf4 c6 4. e3 Bf5 5. Nf3 h6 6. Ne5 Nbd7 7. g4 Bh7 8. h4 Nxe5 9. Bxe5 e6 10. Bd3 Bxd3 11. cxd3 Bd6 12. f4 h5 13. Bxf6 Qxf6 14. g5 Qf5 15. Qe2 0-0-0 16. 0-0-0 Kb8 17. Kb1 c5 18. Nb5 c4 19. Ka1 cxd3 20. Qxd3 Qxd3 21. Rxd3 a6 22. Nxd6 Rxd6 23. Rc3 Rc8 24. Rhc1 Rxc3 25. Rxc3 f6 26. Rc1 fxg5 27. fxg5 e5 28. dxe5 Re6 29. Rd1 Rxe5 30. Kb1 Rxe3 31. Rxd5 Re4 32. Rd7 g6 33. Rd6 Rxh4 34. Rxg6 Rg4 35. Rg7 h4 1/2-1/2

[Event "Suwalki Warakomska Memorial 7th"]
[Site "Suwalki"]
[Date "2023.08.07"]
[Round "1"]
[White "Sowul, Bartosz"]
[Black "Kutowski, Marcel"]
[Result "1/2-1/2"]
[WhiteElo "2269"]
[BlackElo "2114"]
[PlyCount "77"]
[EventDate "2023.08.07"]
[EventType "swiss"]
[EventRounds "9"]
[EventCountry "POL"]
[SourceTitle "CBM 215 Extra"]
[Source "ChessBase"]
[SourceDate "2023.09.30"]
[SourceVersion "1"]
[SourceVersionDate "2023.09.30"]
[SourceQuality "1"]

1. e4 c5 2. Nf3 d6 3. d4 cxd4 4. Nxd4 Nf6 5. Nc3 a6 6. Rg1 e5 7. Nb3 Be6 8. g4 d5 9. exd5 Nxd5 10. Nxd5 Qxd5 11. Qxd5 Bxd5 12. Be3 Nc6 13. c3 0-0-0 14. Nd2 Be7 15. Bc4 f6 16. a4 Kb8 17. Ke2 Rhe8 18. Bb6 Rd7 19. Rgd1 Bd8 20. Bc5 e4 21. Bxd5 Rxd5 22. Nb3 Rd3 23. Be3 Bc7 24. h3 Ne5 25. Nc5 Rxd1 26. Rxd1 Kc8 27. b4 g6 28. b5 a5 29. b6 Bxb6 30. Nxe4 Re6 31. Nd6+ Kb8 32. Bxb6 Nc4+ 33. Kf3 Nxb6 34. Nb5 Rc6 35. Rd8+ Rc8 36. Rd4 Rc4 37. Rd8+ Rc8 38. Rd4 Rc4 39. Rd8+ 1/2-1/2

[Event "POL-chT3 Kujawsko-Pomorskie 2223"]
[Site "Poland"]
[Date "2023.??.??"]
[Round "4.3"]
[White "Kutowski, Marcel"]
[Black "Grzelak, Jaroslaw"]
[Result "1-0"]
[WhiteElo "2046"]
[BlackElo "1835"]
[PlyCount "32"]
[EventDate "2022.11.13"]
[EventType "team-swiss"]
[EventRounds "7"]
[EventCountry "POL"]
[SourceTitle "EXT 2024"]
[Source "ChessBase"]
[SourceDate "2023.10.10"]
[SourceVersion "1"]
[SourceVersionDate "2023.10.10"]
[SourceQuality "1"]

1. e4 c5 2. Nf3 g6 3. c4 Bg7 4. d4 cxd4 5. Nxd4 Nc6 6. Be3 Nf6 7. Nc3 0-0 8. Be2 d6 9. 0-0 Nxd4 10. Bxd4 Be6 11. Rc1 a6 12. f3 Nd7 13. Be3 Ne5 14. Nd5 Bxd5 15. cxd5 Qa5 16. Qd2 Rfc8 1-0

[Event "Ustron op-B"]
[Site "Ustron"]
[Date "2022.08.17"]
[Round "6"]
[White "Backiel, Hubert"]
[Black "Kutowski, Marcel"]
[Result "1-0"]
[WhiteElo "2127"]
[BlackElo "2057"]
[PlyCount "97"]
[EventDate "2022.08.12"]
[EventType "swiss"]
[EventRounds "9"]
[EventCountry "POL"]
[SourceTitle "CBM 209 Extra"]
[Source "ChessBase"]
[SourceDate "2022.09.30"]
[SourceVersion "1"]
[SourceVersionDate "2022.09.30"]
[SourceQuality "1"]

1. e4 c5 2. Nc3 a6 3. g3 b5 4. Bg2 Bb7 5. d3 d6 6. f4 Nc6 7. Nf3 g6 8. 0-0 Bg7 9. h3 Nf6 10. Be3 0-0 11. Qd2 Nd7 12. g4 b4 13. Nd1 Nb6 14. f5 d5 15. exd5 Qxd5 16. Ng5 Qe5 17. Bf4 Qd4+ 18. Be3 Qe5 19. Ne4 Na4 20. Bf4 Qd4+ 21. Be3 Qe5 22. c3 c4 23. d4 Qa5 24. Bh6 bxc3 25. bxc3 Rad8 26. Qg5 Nxd4 27. Bxg7 Ne2+ 28. Kf2 Bxe4 29. Bxf8 Naxc3 30. Bxe7 Bxg2 31. Bxd8 Qd5 32. Nxc3 Qf3+ 33. Ke1 Qxf1+ 34. Kd2 Qxa1 35. Nxe2 Qxa2+ 36. Ke1 Bf3 37. Qe7 Bxe2 38. Qe8+ Kg7 39. Qe5+ Kg8 40. Qe8+ Kg7 41. Qe5+ Kg8 42. Bf6 Qb1+ 43. Kxe2 Qd3+ 44. Kf2 Qc2+ 45. Kg3 Qb3+ 46. Kf4 Qb5 47. Qe7 Qb8+ 48. Be5 Qc8 49. Qf6 1-0

[Event "Ustron op-B"]
[Site "Ustron"]
[Date "2022.08.13"]
[Round "2"]
[White "Kroliczek, Gabriela"]
[Black "Kutowski, Marcel"]
[Result "0-1"]
[WhiteElo "1876"]
[BlackElo "2057"]
[PlyCount "70"]
[EventDate "2022.08.12"]
[EventType "swiss"]
[EventRounds "9"]
[EventCountry "POL"]
[SourceTitle "CBM 209 Extra"]
[Source "ChessBase"]
[SourceDate "2022.09.30"]
[SourceVersion "1"]
[SourceVersionDate "2022.09.30"]
[SourceQuality "1"]

1. e4 c5 2. Nf3 d6 3. Nc3 Nf6 4. e5 dxe5 5. Nxe5 Nbd7 6. d4 e6 7. Be3 cxd4 8. Bxd4 Be7 9. Qf3 Nxe5 10. Bxe5 0-0 11. Bd3 Qa5 12. Bf4 Nd5 13. Qh3 g6 14. Bd2 Nxc3 15. Bxc3 Bb4 16. 0-0 Bxc3 17. bxc3 Qxc3 18. Rab1 b6 19. Qg3 Bb7 20. Rb3 Qf6 21. Re1 Bd5 22. c4 Bc6 23. h4 Rfd8 24. h5 Rd7 25. hxg6 hxg6 26. Bb1 Rad8 27. Rbe3 Rd1 28. Qg4 Rxe1+ 29. Rxe1 Rd4 30. Qe2 Qg5 31. f3 Rd2 32. Qf1 Qc5+ 33. Kh2 Rf2 34. Qd3 Qg5 35. Rg1 Qh4# 0-1

[Event "Warsaw Najdorf Memorial op-A"]
[Site "Warsaw"]
[Date "2022.07.09"]
[Round "1"]
[White "Kutowski, Marcel"]
[Black "Jarmula, Lukasz"]
[Result "0-1"]
[WhiteElo "1961"]
[BlackElo "2452"]
[PlyCount "56"]
[EventDate "2022.07.09"]
[EventType "swiss"]
[EventRounds "9"]
[EventCountry "POL"]
[SourceTitle "CBM 209 Extra"]
[Source "ChessBase"]
[SourceDate "2022.09.30"]
[SourceVersion "1"]
[SourceVersionDate "2022.09.30"]
[SourceQuality "1"]

1. e4 c6 2. d4 d5 3. Nc3 dxe4 4. Nxe4 Nf6 5. Nxf6+ exf6 6. c3 Bd6 7. Bd3 0-0 8. Ne2 Re8 9. 0-0 Qc7 10. h3 Nd7 11. Qc2 Nf8 12. c4 Ng6 13. Be3 Be6 14. Rad1 Rad8 15. Nc3 Qc8 16. Ne4 Bb8 17. f4 Bxh3 18. gxh3 f5 19. Nf6+ gxf6 20. Bxf5 Qc7 21. Qf2 Qa5 22. Bc2 Qh5 23. f5 Qxh3 24. Rd3 Re4 25. Bf4 Nxf4 26. Rg3+ Kh8 27. Bxe4 Qxg3+ 28. Qxg3 Ne2+ 0-1

[Event "Warsaw Maciei Memorial"]
[Site "Warsaw"]
[Date "2022.07.08"]
[Round "2"]
[White "Kutowski, Marcel"]
[Black "Nguyen, Piotr"]
[Result "0-1"]
[WhiteElo "1961"]
[BlackElo "2404"]
[PlyCount "56"]
[EventDate "2022.07.08"]
[EventType "swiss (blitz)"]
[EventRounds "11"]
[EventCountry "POL"]
[SourceTitle "CBM 209 Extra"]
[Source "ChessBase"]
[SourceDate "2022.09.30"]
[SourceVersion "1"]
[SourceVersionDate "2022.09.30"]
[SourceQuality "1"]

1. e4 d6 2. d4 Nf6 3. Nc3 c6 4. Nf3 Bg4 5. Be2 e6 6. 0-0 Be7 7. e5 Nd5 8. Ne4 dxe5 9. Nxe5 Bxe2 10. Qxe2 0-0 11. c3 Nd7 12. Nd3 N7f6 13. c4 Nxe4 14. Qxe4 Nf6 15. Qe3 Qb6 16. b3 a5 17. Bb2 a4 18. b4 Bxb4 19. Nxb4 Qxb4 20. Ba3 Qxc4 21. Rfc1 Qd5 22. Bxf8 Rxf8 23. Rab1 b5 24. a3 Rd8 25. Rc5 Qd6 26. Rbc1 Ng4 27. Qg3 Qxd4 28. h3 Qd1+ 0-1

[Event "POL-ch U16"]
[Site "Sypniewo"]
[Date "2022.03.26"]
[Round "8"]
[White "Wojdak, Jan"]
[Black "Kutowski, Marcel"]
[Result "1/2-1/2"]
[WhiteElo "2143"]
[BlackElo "1914"]
[PlyCount "103"]
[EventDate "2022.03.19"]
[EventType "swiss"]
[EventRounds "9"]
[EventCountry "POL"]
[SourceTitle "CBM 207 Extra"]
[Source "ChessBase"]
[SourceDate "2022.05.31"]
[SourceVersion "1"]
[SourceVersionDate "2022.05.31"]
[SourceQuality "1"]

1. e4 c5 2. Nf3 d6 3. d4 cxd4 4. Nxd4 Nf6 5. Nc3 a6 6. g3 e5 7. Nb3 Be7 8. Bg2 Be6 9. a4 Nbd7 10. a5 Qc7 11. 0-0 0-0 12. h3 b5 13. axb6 Nxb6 14. Re1 Rfc8 15. g4 Nc4 16. Qf3 a5 17. g5 Nd7 18. Qg3 Ndb6 19. Nd2 Nxd2 20. Bxd2 a4 21. Red1 Nc4 22. Bc1 Qc6 23. Nd5 Bxd5 24. exd5 Qb5 25. Qd3 Rab8 26. Ra2 Qc5 27. Bf1 a3 28. bxa3 Rb1 29. c3 Rb3 30. Qc2 Na5 31. Be3 Qxc3 32. Qxc3 Rcxc3 33. a4 Bd8 34. Bb5 g6 35. Kg2 h6 36. gxh6 f5 37. Rc1 Kh7 38. Rac2 Rxc2 39. Rxc2 f4 40. Ba7 Kxh6 41. f3 Nb7 42. Bf2 Nc5 43. Bxc5 dxc5 44. d6 Bb6 45. Rc4 Rb4 46. Rc2 Rd4 47. d7 Kg5 48. Kf1 Kf6 49. Ke2 g5 50. Bc6 Ke7 51. Rb2 Rb4 52. Rc2 1/2-1/2

[Event "POL-ch U16"]
[Site "Sypniewo"]
[Date "2022.03.21"]
[Round "3"]
[White "Kutowski, Marcel"]
[Black "Wesolek, Krzysztof"]
[Result "1/2-1/2"]
[WhiteElo "1914"]
[BlackElo "1651"]
[PlyCount "70"]
[EventDate "2022.03.19"]
[EventType "swiss"]
[EventRounds "9"]
[EventCountry "POL"]
[SourceTitle "CBM 207 Extra"]
[Source "ChessBase"]
[SourceDate "2022.05.31"]
[SourceVersion "1"]
[SourceVersionDate "2022.05.31"]
[SourceQuality "1"]

1. e4 e5 2. Nf3 Nf6 3. d4 Nxe4 4. Bd3 d5 5. Nxe5 Nd7 6. Nc3 Nxc3 7. bxc3 Nxe5 8. dxe5 c5 9. 0-0 c4 10. Be2 Bc5 11. Bf3 Be6 12. Qe2 Qc7 13. Be3 0-0 14. Rfd1 Rfd8 15. Rd2 b5 16. Rad1 Qc6 17. Bxc5 Qxc5 18. Qe3 Qa3 19. Bxd5 Bxd5 20. Rxd5 Rxd5 21. Rxd5 Qxa2 22. h3 Re8 23. Rxb5 Qxc2 24. Ra5 Qb1+ 25. Kh2 Qd3 26. Qxd3 cxd3 27. Rxa7 Rd8 28. Ra1 g5 29. Rd1 d2 30. Kg1 Rd3 31. Kf1 Kg7 32. c4 Rd4 33. c5 Rc4 34. Rxd2 Rc1+ 35. Ke2 Rxc5 1/2-1/2

[Event "POL-ch U16"]
[Site "Sypniewo"]
[Date "2022.03.20"]
[Round "2"]
[White "Janeczko, Jakub"]
[Black "Kutowski, Marcel"]
[Result "1-0"]
[WhiteElo "2053"]
[BlackElo "1914"]
[PlyCount "91"]
[EventDate "2022.03.19"]
[EventType "swiss"]
[EventRounds "9"]
[EventCountry "POL"]
[SourceTitle "CBM 207 Extra"]
[Source "ChessBase"]
[SourceDate "2022.05.31"]
[SourceVersion "1"]
[SourceVersionDate "2022.05.31"]
[SourceQuality "1"]

1. e4 c5 2. Nf3 d6 3. d4 cxd4 4. Nxd4 Nf6 5. Nc3 a6 6. f4 e5 7. Nb3 Nc6 8. Be2 Be7 9. 0-0 0-0 10. Kh1 b5 11. a4 b4 12. Nd5 Nxd5 13. exd5 Nb8 14. a5 Bb7 15. Ra4 Nd7 16. Rxb4 Rb8 17. Be3 Qc7 18. Rc4 Qd8 19. Rb4 Qc7 20. Qd2 Nf6 21. c4 Ba8 22. Bb6 Qd7 23. Qe3 Rfe8 24. Bd3 e4 25. Be2 Bf8 26. Nd4 g6 27. Bd1 Qc8 28. Ba4 Re7 29. f5 Bg7 30. Qg5 Re5 31. Qe3 Qf8 32. fxg6 hxg6 33. Rb3 Qe7 34. Bc6 Rh5 35. Bxa8 Ng4 36. Qg3 Nxh2 37. Kg1 Nxf1 38. Kxf1 Bxd4 39. Bxd4 Rxa8 40. Rb6 Rf5+ 41. Ke2 Re8 42. Rxd6 e3 43. Rxg6+ fxg6 44. Qxg6+ Kf8 45. Qh6+ Kg8 46. Qh8+ 1-0

[Event "POL-ch U20"]
[Site "Pokrzywna"]
[Date "2021.12.06"]
[Round "1"]
[White "Chylewski, Patryk"]
[Black "Kutowski, Marcel"]
[Result "1-0"]
[WhiteElo "2303"]
[BlackElo "1894"]
[PlyCount "103"]
[EventDate "2021.12.06"]
[EventType "swiss"]
[EventRounds "9"]
[EventCountry "POL"]
[SourceTitle "CBM 205 Extra"]
[Source "ChessBase"]
[SourceDate "2022.01.31"]
[SourceVersion "1"]
[SourceVersionDate "2022.01.31"]
[SourceQuality "1"]

1. e4 c5 2. Nf3 d6 3. d4 cxd4 4. Nxd4 Nf6 5. f3 e5 6. Nb3 Be7 7. c4 a5 8. Be3 a4 9. Nc1 Nfd7 10. Nc3 Nc5 11. Be2 Nc6 12. 0-0 0-0 13. Rb1 Be6 14. Nd5 Bg5 15. Bf2 b6 16. Nd3 Bxd5 17. exd5 Ne7 18. Qc2 g6 19. Nb4 Nf5 20. Nc6 Qf6 21. Qc3 Rfe8 22. g3 h5 23. Rfe1 e4 24. Bxc5 bxc5 25. f4 Qxc3 26. bxc3 Bf6 27. Rec1 Ne7 28. Nxe7+ Rxe7 29. Rb6 Rd7 30. Kf2 Bd8 31. Rb5 f5 32. Ke3 Bf6 33. Kd2 Kf7 34. Rcb1 Be7 35. Bd1 Bf6 36. Rb8 Rxb8 37. Rxb8 Ra7 38. h3 h4 39. g4 g5 40. Ke3 Re7 41. gxf5 gxf4+ 42. Kxf4 Bxc3 43. Rb6 Be1 44. Bh5+ Kg7 45. f6+ Kxf6 46. Rxd6+ Kg7 47. Rg6+ Kh7 48. Re6 Rxe6 49. dxe6 Bg3+ 50. Kf5 Bd6 51. Kf6 Kh6 52. Bg4 1-0